Catalogue of funerary objects from the Tomb of the servant in the place of truth Sennedjem (TT1) : ushabtis, ushabtis in coffins, ushabti boxes, canopic coffins, canopic chests, cosmetic chests, furniture, dummy vases, pottery jars, and walking sticks, mainly from Egyptian Museum in Cairo and Metropolitan Museum of Art of New York /
المؤلف الرئيسي:
مؤلفون آخرون:
التنسيق: كتاب
اللغة: English
منشور في:
Le Caire :
Institut français d'archéologie orientale,
2011.
سلاسل:
Bibliothèque générale (Institut français d'archéologie orientale du Caire) ;
37.
الموضوعات:
الوسوم: إضافة وسم
رقم الطلب: DT73 .D47 M345
| LEADER | 01467nam a22002897a 4500 | ||
|---|---|---|---|
| 003 | OSt | ||
| 005 | 20251207132637.0 | ||
| 008 | 251207t2011 ua aj bc 001 0 eng d | ||
| 010 | |a 2011333222 | ||
| 020 | |a 9782724705751 | ||
| 040 | |c ARCE Library | ||
| 043 | |a f-ua--- | ||
| 050 | 1 | 4 | |a DT73 .D47 |b M345 |
| 100 | 1 | |a Mahmoud Abd el-Qader, Adel, |d 1953-2008. |e author | |
| 245 | 1 | 0 | |a Catalogue of funerary objects from the Tomb of the servant in the place of truth Sennedjem (TT1) : |b ushabtis, ushabtis in coffins, ushabti boxes, canopic coffins, canopic chests, cosmetic chests, furniture, dummy vases, pottery jars, and walking sticks, mainly from Egyptian Museum in Cairo and Metropolitan Museum of Art of New York / |c Adel Mahmoud Abd el-Qader ; edited by Sylvie Donnat. |
| 264 | 1 | |a Le Caire : |b Institut français d'archéologie orientale, |c 2011. | |
| 300 | |a 80 pages : |b illustrations (1 color), genealogical tables ; |c 22 cm + |e 1 CD-ROM (12 cm). | ||
| 490 | 1 | |a Bibliothèque générale (Institut français d'archéologie orientale du Caire) ; |v 37. | |
| 490 | 0 | |a Série Corpus. | |
| 504 | |a Includes bibliographical references and indexes. | ||
| 600 | 0 | 0 | |a Sennedjem |x Tomb |v Catalogs. |9 39680 |
| 651 | 0 | |a Deir el-Medina Site (Egypt) |x Antiquities |v Catalogs. | |
| 700 | 1 | |a Donnat, Sylvie. |9 29136 | |
| 830 | 0 | |a Bibliothèque générale (Institut français d'archéologie orientale du Caire) ; |v 37. | |
| 901 | |a reviewed | ||
| 942 | |c BK |2 lcc | ||
| 999 | |c 27901 |d 27901 | ||
